Principles Of Physics (Record no. 342820)
[ view plain ]
| 000 -LEADER | |
|---|---|
| fixed length control field | 00484nam a2200181Ia 4500 |
| 008 - FIXED-LENGTH DATA ELEMENTS--GENERAL INFORMATION | |
| fixed length control field | 230718s9999 xx 000 0 und d |
| 020 ## - INTERNATIONAL STANDARD BOOK NUMBER | |
| International Standard Book Number | 9788126552566 |
| 041 ## - LANGUAGE CODE | |
| Language code of text/sound track or separate title | eng |
| 082 ## - DEWEY DECIMAL CLASSIFICATION NUMBER | |
| Classification number | 530 |
| Item number | WAL |
| 100 ## - MAIN ENTRY--PERSONAL NAME | |
| Personal name | Walker J. |
| 245 ## - TITLE STATEMENT | |
| Title | Principles Of Physics |
| 250 ## - EDITION STATEMENT | |
| Edition statement | 10th ed. |
| 260 ## - PUBLICATION, DISTRIBUTION, ETC. (IMPRINT) | |
| Date of publication, distribution, etc. | 2014 |
| Name of publisher, distributor, etc. | Wiley |
| 300 ## - PHYSICAL DESCRIPTION | |
| Extent | 1289 |
| Accompanying material [OBSOLETE, CAN/MARC] | Ref 432 G (54022) |
| 365 ## - TRADE PRICE | |
| Currency code | Rs. |
| Price amount | 829.00 |
| 700 ## - ADDED ENTRY--PERSONAL NAME | |
| Personal name | Walker J.; David H. & Resnick R. |
| 906 ## - LOCAL DATA ELEMENT F, LDF (RLIN) | |
| d | O:0524408-Aug-2016B:3629-Jul-2016 |
| c | BSH |
| b | 3133.62 |
| Withdrawn status | Lost status | Damaged status | Not for loan | Home library | Current library | Date acquired | Vendor | Budget Code | Cost, normal purchase price | Bill number | Total Checkouts | Full call number | Barcode | Date last seen | Date last checked out | Discount | Cost, replacement price | Bill Date | Koha item type | Original Barcode |
|---|---|---|---|---|---|---|---|---|---|---|---|---|---|---|---|---|---|---|---|---|
| Cummins College of Engineering for Women Pune | Cummins College of Engineering for Women Pune | 08/08/2016 | ARM Book Bazar | BSH | 605.17 | 36 | 6 | 530 | CCEP-BK-54027 | 04/11/2024 | 17/10/2024 | 3133.62 | 829.00 | 29/07/2016 | Books | 054027 |